| 000 | 00843nam a2200229 a 4500 | ||
|---|---|---|---|
| 005 | 20220526063856.0 | ||
| 008 | 991125s1986 mx 000 0 spa u | ||
| 020 | _a9684303017 | ||
| 035 | _aUPN01000020903 | ||
| 049 | _aLT | ||
| 050 | 4 |
_aLB1633 M6.3 _bM6.3 1986 |
|
| 100 | 1 |
_aMogollón González, María de los Angeles _929684 |
|
| 245 | 1 | 0 |
_aEspañol 3 : _beducación media básica / _cMa. de los Angeles Mogollón, Fernando Cros Hernández, César González Ochoa |
| 260 |
_aMéxico : _bSantillana, _c1986 |
||
| 300 |
_a328 p. : _bil. |
||
| 500 | _a"Conforme a los objetivos del programa oficial, educación media básica" | ||
| 650 | 4 |
_aEspañol _xEstudio y enseñanza (Secundaria) _97237 |
|
| 700 | 2 |
_aCros Hernández, Fernando, _ecoaut. |
|
| 700 | 1 |
_aGonzález Ochoa, César, _ecoaut. _943212 |
|
| 904 |
_aAC _b020904 |
||
| 905 | _aLibro | ||
| 999 |
_c20903 _d20903 |
||